Professional services marketing : strategy and tactics

Bibliographic Details
Main Author: Crane, F.G
Format: Book
Published: New York : The Haworth Press , 1993
Subjects:

MARC

LEADER 00000cam a2200000 7i4500
001 0000004759
002 000005130
005 20000330.0
020 |a 1560242418 
090 0 0 |a 658.802   |b CRA 
100 1 |a Crane, F.G 
245 1 0 |a Professional services marketing :   |b strategy and tactics   |c F.G.Crane 
260 |a New York :   |b The Haworth Press ,   |c 1993 
300 |a 131p. ;   |c 22cm. 
650 0 0 |a Professions   |x Marketing 
999 |a 035415   |b BUKU   |c PINJAMAN   |e PERPUSTAKAAN KOMUNITI PETALING JAYA